| 000 | 00636cam a22002172 4500 | ||
|---|---|---|---|
| 001 | 0000019430 | ||
| 005 | 20151217145915.0 | ||
| 008 | 101115s xx 000 0 eng d | ||
| 020 | _a053879769x | ||
| 040 |
_aKABU _cKABU |
||
| 050 | 0 |
_aHJ141 _b.H96 2011 |
|
| 100 | 1 |
_aHyman, David N. _@0000149948 |
|
| 245 | 1 | 0 |
_aPublic finance : _ba contemporary application of theory to policy. |
| 250 | _a10th ed. | ||
| 260 |
_aMason, Ohio : _bSouth-Western, _c2011. |
||
| 300 | _axvii, 782 p. | ||
| 650 | 0 |
_aPublic finance. _@0000152733 |
|
| 852 | 1 | _9p5731.70 KES | |
| 908 | _a101115 | ||
| 950 | _@1 | ||
| 999 |
_c3935 _d3935 |
||